[Event "NED-ch U16 Youth 2019"]
[Site "Assen"]
[Date "2019.04.29"]
[Round "2.1"]
[White "Verheul, Job"]
[Black "Hilwerda, Jonas"]
[Result "0-1"]
[WhiteElo "1605"]
[BlackElo "2312"]
[Annotator "TA"]
[PlyCount "74"]
[EventDate "2019.04.28"]
[EventType "swiss"]
[EventCountry "NED"]
[SourceTitle "playchess.com"]
[Source "ChessBase"]
[SourceQuality "1"]

{[%evp 19,104,20,31,-16,-19,-8,4,-58,-33,-32,-20,-38,-32,-22,-19,-46,-4,-36,-31,-26,-21,-51,-38,-83,-82,-103,-89,-108,-102,-214,-106,-118,-107,-100,-75,-95,-26,-33,0,0,0,0,-6,-40,0,-10,0,-81,-76,-68,-77,-121,-97,-131,-119,-135,-135,-158,-144,-161,-147,-348,-355,-391,-403,-396,-403,-381,-205,-205,-205,-264,-210,-268,-270,-719,-713,-1120,-1049,-29973,-29974,-29949,-5704,-5704,-5102,-29983,-29984]} 1. e4 e5 2. Nf3 Nc6 3. Bb5 a6 4. Ba4 Nf6 5. d3 d6 6. c3 g6 7. O-O Bg7 8. Nbd2 O-O 9. Re1 Nd7 10. Nf1 Nc5 11. Bxc6 {C77: Ruy Lopez: 3...a6 4 Ba4 Nf6, unusual lines} bxc6 12. d4 exd4 13. Nxd4 $146 (13. cxd4 $11 Ne6 14. d5 cxd5 15. exd5) ({Predecessor:} 13. cxd4 Ne6 14. Ng3 c5 15. dxc5 Nxc5 16. Bg5 Qe8 17. Qd2 Bg4 18. Bh6 Bxf3 19. Bxg7 Kxg7 20. gxf3 {1-0 (52) Anand,V (2759)-Caruana,F (2816) Leuven 2018}) 13... Bd7 14. Qc2 Re8 15. Bf4 Ne6 16. Nxe6 Bxe6 17. Ng3 Qd7 18. Rad1 Qe7 ({And not} 18... Bxa2 19. b3 $16) 19. Be3 c5 20. h3 Reb8 21. Ra1 a5 {[%cal Ba6a5,Ba5a4][%mdl 32]} 22. f4 a4 23. f5 Bc4 24. Qf2 {[#]} (24. Bd2 $17 {might work better.}) 24... Be5 (24... Qh4 $1 $19 {Hoping for ...Be5.} 25. Bf4 g5) 25. Bf4 $17 Bxf4 26. Qxf4 Qe5 27. Qf2 Kg7 (27... g5 $17) 28. a3 Rb7 {[#] White must now prevent ...Rab8.} 29. Rad1 Re8 30. Rd2 Rbb8 $36 {[%mdl 2048] Black has the initiative.} 31. Qf3 Qf6 32. Rf2 Re5 (32... Kh8 {looks sharper.} 33. Nf1 Qe5 34. fxg6 fxg6 35. Nh2 Qg5) 33. fxg6 (33. Qg4 $11 Qd8 34. Nf1) 33... Qxf3 ({But not} 33... Qxg6 $6 34. Nf5+ Kh8 35. Re3 $11) 34. gxf3 hxg6 35. Kh2 f6 36. Rg1 Kf7 37. Nf1 Be6 {Played: Rb8-h8} 0-1

[Event "NED-ch U16 Youth 2019"]
[Site "Assen"]
[Date "2019.04.29"]
[Round "2.2"]
[White "Bruil, Rembrandt"]
[Black "Elgersma, Onno"]
[Result "1/2-1/2"]
[WhiteElo "2178"]
[BlackElo "2174"]
[Annotator "TA"]
[PlyCount "126"]
[EventDate "2019.04.28"]
[EventType "swiss"]
[EventCountry "NED"]
[SourceTitle "playchess.com"]
[Source "ChessBase"]
[SourceQuality "1"]

{[%evp 25,126,0,0,0,0,-25,-6,-23,0,0,0,-7,-16,-10,-5,-13,-9,-25,-24,-23,-24,-20,-15,-65,-79,-90,-48,-50,-58,-191,-198,-191,-175,-190,-147,-229,-124,-123,-92,-151,-151,-151,-151,-151,-151,-151,-116,-151,-142,-151,-151,-151,-151,-285,-269,-937,-925,-834,-791,-4828,-4907,-4575,-3573,-1884,-228,-1914,-228,-1145,-228,-5410,-399,-12834,-5089,-29964,-6087,-2260,-228,-228,-228,-228,-228,-228,-228,-228,-228,-228,0,-228,-228,-228,-228,-228,-228,-228,-87,-94,-94,-116,-124,-132,-45,-45,0]} 1. d4 Nf6 2. Nf3 d5 3. c4 e6 4. cxd5 exd5 5. Bg5 c6 6. Nc3 Be7 7. Qc2 O-O 8. e3 Nbd7 {[%cal Bb8d7,Bd7f8,Bf8e6][%mdl 32]} 9. Bd3 Re8 10. O-O Nf8 11. h3 g6 12. Bxf6 Bxf6 13. b4 a6 14. a4 {D36: Queen's Gambit Declined: Exchange Variation: Main line (5 Bg5 c6 6 Qc2)} Ne6 15. Rfc1 (15. Qb3 Bg7 16. Rfd1 {½-½ (16) Dydyshko,V (2585)-Stefansson,H (2574) Czechia 2009}) 15... Qd6 $146 ({Predecessor:} 15... a5 16. b5 c5 17. dxc5 Nxc5 18. Rd1 Nxd3 19. Qxd3 Bf5 20. Qd2 Rc8 21. Rac1 Rc4 22. Qxd5 {1-0 (33) Spiess,G (2427)-Nabavi,P (2224) Leipzig 2011}) 16. Qb3 {The position is equal.} a5 17. b5 Rd8 18. bxc6 bxc6 19. Rab1 Bd7 20. Qc2 Rab8 21. Nd2 Rdc8 22. Rxb8 Rxb8 23. Nb3 Bd8 24. Rb1 Bc7 $36 {[%mdl 2048] White must now prevent ...Qh2+. Black is really pushing.} 25. f4 c5 26. dxc5 Nxc5 27. Nd4 {[#]} (27. Nb5 $15 Bxb5 28. Bxb5) 27... Rxb1+ $1 $19 28. Qxb1 Nxa4 29. Ncb5 Bxb5 30. Qxb5 {[#]} (30. Nxb5 $17 {was called for.} Qc5 31. Nxc7 Qxc7 32. Qb3) 30... Nc5 ({Better is} 30... Nc3 $1 $19 {[%cal Rc3b5]} 31. Qe8+ Kg7) 31. Bc2 $17 Ne6 {...Nxd4 is the strong threat.} 32. Qc6 ({White should try} 32. Qe8+ Kg7 33. Nxe6+ fxe6 34. Kf1) 32... Nxd4 33. Qxd6 Bxd6 34. exd4 Bxf4 {[%mdl 4096] Endgame KB-KB} 35. Kf2 Kf8 36. Bb3 Ke7 37. Bxd5 a4 {[%cal Ba5a4,Ba4a3][%mdl 32]} 38. Kf3 Bd6 39. g4 (39. Ke4 $17 {might work better.}) 39... f5 $19 40. gxf5 $2 (40. g5) 40... gxf5 41. Bc4 a3 42. Ke3 Kf6 43. Kf3 Kg5 44. Ba2 Kh4 $2 (44... Bc7 45. Bd5 h5) 45. Kg2 $2 (45. Bb1) 45... h5 $2 (45... Bb4 46. Be6 Ba5) 46. Bb3 $2 (46. Bb1) 46... Bc7 $2 (46... Bf4 47. Be6 Bc7) 47. Ba2 $2 (47. Be6) 47... Bb6 48. d5 $2 (48. Kf3 Kxh3 49. Kf4) 48... Bc7 49. Bb3 f4 (49... Bd6 $142 50. Ba2 f4 51. Bb3 Bc7 52. Bc4 Kg5 53. Kh2 Kf6 54. Kh1 Bb8 55. Kg2 Ke5 56. Kh1 Kd4 57. Ba2 Kc3 58. Kh2 Kb2 59. Bc4 a2 60. Bxa2 Kxa2 61. Kg1 Kb3 62. Kh1 Kc4 63. Kg2 Kxd5 64. Kf3 h4 65. Kf2 Ke4 66. Ke1 f3 67. Kd2 Be5 68. Kd1 f2 69. Kc2 f1=Q 70. Kb3 Qb5+ 71. Kc2 Qb2+ 72. Kd1 Kd3 73. Ke1 Qe2#) 50. Ba2 f3+ $2 (50... Bd6 {aiming for ...Bb8.} 51. Bb1 Bc7) 51. Kxf3 Kxh3 {Hoping for ...Bd6.} 52. d6 Bxd6 53. Be6+ Kh2 54. Bd5 Kg1 55. Bc4 Kh2 56. Bd5 $1 Be7 57. Bc4 Bg5 58. Bd5 h4 59. Kg4 h3 (59... Bf6 $19 {is more deadly.} 60. Kf4 h3) 60. Ba2 $17 {[#]} Bf4 $1 {[%mdl 512]} 61. Bb3 (61. Kxf4 Kg1) 61... Bg3 62. Ba2 Kg2 (62... Be5 $17 63. Be6 Bd4) 63. Bd5+ $15 Kh2 {Accuracy: White = 34%, Black = 41%.} 1/2-1/2

[Event "NED-ch U16 Youth 2019"]
[Site "Assen"]
[Date "2019.04.29"]
[Round "2.3"]
[White "Maters, Arthur"]
[Black "Shakhverdian, William"]
[Result "1-0"]
[WhiteElo "2043"]
[BlackElo "1949"]
[Annotator "NA RC"]
[PlyCount "71"]
[EventDate "2019.04.28"]
[EventType "swiss"]
[EventCountry "NED"]
[SourceTitle "playchess.com"]
[Source "ChessBase"]
[SourceQuality "1"]
[TimeControl "40/5400+30:1800+30"]

1. e4 {[%emt 0:00:00]} e5 {[%emt 0:00:00]} 2. Bc4 {[%emt 0:00:00]} Bc5 {[%emt 0:00:41]} 3. d3 {[%emt 0:00:00]} Nc6 {[%emt 0:00:24]} 4. Nc3 {[%emt 0:00:00]} d6 {[%emt 0:00:20]} 5. Qh5 {[%emt 0:00:00]} (5. Nge2 Nf6 6. O-O O-O 7. Na4 Na5 8. Nxc5 dxc5 9. Nc3 Nxc4 10. dxc4 h6 11. Be3 b6 12. Qf3 c6 13. Qg3 Qd6 14. Rad1 Qe6 {½-½ (106) Paichadze,L (2583)-Nihal,S (2578) chess.com INT 2019}) 5... g6 {[%emt 0:03:29]} 6. Qd1 {[%emt 0:00:01] C25: Vienna Game: Alternatives to 2...Nf6} h6 $146 {[%emt 0:08:45]} ({Predecessor:} 6... Qf6 7. Nf3 Bg4 8. Nd5 Qd8 9. h3 Be6 10. Bg5 Qd7 11. Nf6+ Nxf6 12. Bxf6 {0-1 (60) Shapiro,D (1238)-Sarian,G (1143) Willingen 2018}) 7. Nf3 {[%emt 0:00:44]} Be6 {[%emt 0:01:13]} 8. Bxe6 {[%emt 0:01:07]} fxe6 {[%emt 0:00:17]} 9. Na4 {[%emt 0:03:21]} Bb6 {[%emt 0:01:20]} 10. O-O {[%emt 0:00:47]} Qf6 {[%emt 0:01:32]} 11. Nxb6 {[%emt 0:01:20]} axb6 {[%emt 0:00:13]} 12. Be3 {[%emt 0:00:19]} Nge7 {[%emt 0:00:39]} 13. d4 {[%emt 0:06:16]} exd4 {[%emt 0:00:21]} 14. Nxd4 {[%emt 0:00:07]} Nxd4 {[%emt 0:00:53]} 15. Bxd4 {[%emt 0:00:08]} e5 {[%emt 0:00:05]} 16. Bc3 {[%emt 0:01:25]} g5 {[%emt 0:01:00]} 17. a4 {[%emt 0:05:25]} h5 {[%emt 0:15:59]} 18. a5 {[%emt 0:03:24]} bxa5 {[%emt 0:00:36]} 19. Bxa5 {[%emt 0:00:24]} b6 {[%emt 0:01:22]} 20. Bd2 {[%emt 0:01:53]} Rxa1 {[%emt 0:04:54]} 21. Qxa1 {[%emt 0:00:25]} Ng6 {[%emt 0:07:55]} ({Black should try} 21... Kd7 $11) 22. Qa4+ {[%emt 0:03:26]} (22. Qa7 $5 {[%cal Ra7c7]}) 22... Ke7 {[%emt 0:03:48]} 23. Qc6 {[%emt 0:01:24]} Rc8 {[%emt 0:00:46]} 24. Be3 {[%emt 0:00:40]} Kd8 {[%emt 0:01:19]} 25. Rd1 {[%emt 0:01:56]} Ne7 {[%emt 0:01:20]} 26. Qb5 {[%emt 0:03:03]} Rb8 {[%emt 0:02:30]} ({Better is} 26... g4 $14) 27. c4 {[%emt 0:01:56]} Kc8 {[%emt 0:02:44]} 28. b4 {[%emt 0:05:15]} Qg6 {[%emt 0:03:56]} (28... Qe6 $16 29. Qa4 (29. Bxg5 Qg4 $11) 29... g4) 29. Qa4 {[%emt 0:09:28]} Kd8 {[%emt 0:02:16]} 30. c5 {[%emt 0:02:50]} Nc8 {[%emt 0:00:50]} 31. Qc6 {[%emt 0:03:00]} bxc5 {[%emt 0:08:05]} 32. bxc5 {[%emt 0:01:04]} Qg7 {[%emt 0:11:44]} 33. cxd6 {[%emt 0:06:19]} cxd6 {[%emt 0:00:33]} 34. Bd2 {[%emt 0:00:17]} Rb6 {[%emt 0:11:19]} 35. Ba5 {[%emt 0:00:08]} Qb7 {[%emt 0:01:15]} 36. Qxb7 {[%emt 0:00:07] Pin} 1-0

[Event "NED-ch U16 Youth 2019"]
[Site "Assen"]
[Date "2019.04.29"]
[Round "2.4"]
[White "Grutter, Tim"]
[Black "Honkoop, Gilian"]
[Result "1-0"]
[WhiteElo "2029"]
[BlackElo "2038"]
[Annotator "NA RC"]
[PlyCount "85"]
[EventDate "2019.04.28"]
[EventType "swiss"]
[EventCountry "NED"]
[SourceTitle "playchess.com"]
[Source "ChessBase"]
[SourceQuality "1"]
[TimeControl "40/5400+30:1800+30"]

1. e4 {[%emt 0:00:00]} e5 {[%emt 0:00:00]} 2. Nf3 {[%emt 0:00:00]} Nc6 {[%emt 0:00:00]} 3. Bc4 {[%emt 0:00:00]} Nf6 {[%emt 0:00:00]} 4. d3 {[%emt 0:00:00]} Bc5 {[%emt 0:00:00]} 5. O-O {[%emt 0:00:00]} d6 {[%emt 0:00:06]} 6. Nbd2 {[%emt 0:00:36]} a6 {[%emt 0:01:43]} 7. c3 {[%emt 0:00:06]} Ba7 {[%emt 0:00:39]} 8. Bb3 {[%emt 0:00:04]} Be6 {[%emt 0:03:35]} 9. Re1 {[%emt 0:03:55]} O-O {[%emt 0:00:16]} 10. h3 {[%emt 0:01:22] C54: Giuoco Piano: 4 c3 Nf6, main lines with 5 d4 and 5 d3} Ne7 {[%emt 0:00:19]} (10... Bxb3 11. Qxb3 Qd7 12. Nf1 b5 13. Bg5 Nh5 14. Rad1 h6 15. Be3 Bxe3 16. Nxe3 Nf4 17. d4 Rfe8 {0-1 (62) Lu,S (2636)-Tabatabaei,M (2587) Makati 2018}) 11. d4 {[%emt 0:05:02]} Ng6 {[%emt 0:05:09]} 12. Bxe6 {[%emt 0:01:39]} fxe6 {[%emt 0:00:07]} 13. dxe5 $146 {[%emt 0:00:19]} ({Predecessor:} 13. Qb3 Nf4 14. dxe5 dxe5 15. Nxe5 Nd7 16. Nxd7 Qg5 17. g3 Qxg3+ {0-1 (17) Karacsony,A (2301)-Vajda,L (2534) Hungary 2007}) 13... dxe5 {[%emt 0:03:56]} 14. Qb3 {[%emt 0:06:56]} Qe7 {[%emt 0:05:53]} 15. Nf1 {[%emt 0:13:21]} Nh5 {[%emt 0:12:59]} 16. N1h2 {[%emt 0:06:15]} Nhf4 {[%emt 0:13:54]} 17. Be3 {[%emt 0:16:07]} c6 {[%emt 0:11:21]} 18. Rad1 {[%emt 0:04:55]} b5 {[%emt 0:03:56]} ({Black should play} 18... Bxe3 $14 19. fxe3 Nh5) 19. c4 {[%emt 0:06:50]} Rad8 {[%emt 0:06:09]} 20. Qc2 {[%emt 0:06:23]} Bxe3 {[%emt 0:05:29]} 21. fxe3 {[%emt 0:00:37]} Qc5 {[%emt 0:00:22] [#]} (21... Rxd1 $14 22. Qxd1 Nh5) 22. b4 $18 {[%emt 0:02:17]} Qa7 {[%emt 0:00:11]} 23. c5 {[%emt 0:00:36]} Nh5 {[%emt 0:00:39]} 24. Rxd8 {[%emt 0:01:26]} Rxd8 {[%emt 0:00:10]} 25. Rd1 {[%emt 0:00:12]} Qc7 {[%emt 0:02:38]} 26. Ng4 {[%emt 0:02:01]} Rxd1+ {[%emt 0:06:18]} 27. Qxd1 {[%emt 0:00:01]} Nf6 {[%emt 0:00:10]} 28. Qb3 {[%emt 0:07:10]} Nf8 {[%emt 0:10:32]} 29. Ngxe5 {[%emt 0:01:26]} Nxe4 {[%emt 0:00:15]} 30. Qd3 {[%emt 0:00:43]} Nf6 {[%emt 0:04:41]} 31. Qd6 {[%emt 0:00:42]} Qxd6 {[%emt 0:00:29]} 32. cxd6 {[%emt 0:00:02]} Nd5 {[%emt 0:00:37]} 33. d7 {[%emt 0:00:52]} Nxd7 {[%emt 0:00:07]} 34. Nxd7 {[%emt 0:00:04]} Nxb4 {[%emt 0:00:05]} 35. Nc5 {[%emt 0:01:11]} Kf7 {[%emt 0:01:39]} 36. Nd4 {[%emt 0:01:12]} e5 {[%emt 0:01:00]} 37. a3 {[%emt 0:00:41]} exd4 {[%emt 0:01:26]} 38. axb4 {[%emt 0:00:15]} dxe3 {[%emt 0:00:38]} 39. Kf1 {[%emt 0:00:31]} Kf6 {[%emt 0:01:17]} 40. Ke2 {[%emt 0:00:10]} Ke5 {[%emt 0:00:08]} 41. Kxe3 {[%emt 0:30:13]} Kd5 {[%emt 0:30:04]} 42. Nxa6 {[%emt 0:00:15]} Kc4 {[%emt 0:00:47]} 43. Ke4 {[%emt 0:00:29] Kd5+ [%emt 00:01:03]} 1-0

[Event "NED-ch U16 Youth 2019"]
[Site "Assen"]
[Date "2019.04.29"]
[Round "2.5"]
[White "Roothaan, Elmar"]
[Black "Van der Schaaf, Tristan"]
[Result "1/2-1/2"]
[WhiteElo "1711"]
[BlackElo "1807"]
[Annotator "NA RC"]
[PlyCount "128"]
[EventDate "2019.04.28"]
[EventType "swiss"]
[EventCountry "NED"]
[SourceTitle "playchess.com"]
[Source "ChessBase"]
[SourceQuality "1"]
[TimeControl "40/5400+30:1800+30"]

1. d4 {[%emt 0:00:00]} Nf6 {[%emt 0:00:00]} 2. Nf3 {[%emt 0:00:00]} e6 {[%emt 0:00:00]} 3. g3 {[%emt 0:00:29]} d5 {[%emt 0:00:01]} 4. Bg2 {[%emt 0:00:00]} Be7 {[%emt 0:00:12]} 5. O-O {[%emt 0:00:00]} O-O {[%emt 0:00:04]} 6. Re1 {[%emt 0:00:25] D02: 1 d4 d5 2 Nf3 sidelines, including 2...Nf6 3 g3 and 2...Nf6 3 Bf4} (6. c4 dxc4 7. Qc2 a6 8. Qxc4 b5 9. Qc2 Bb7 10. Bd2 Be4 11. Qc1 Bb7 12. Rd1 Qc8 13. Ba5 c5 14. dxc5 Bxc5 15. Nbd2 Nbd7 16. Nb3 Ba7 17. Qf4 Nb6 18. Bxb6 Bxb6 19. Rac1 Qe8 20. Ne5 Bxg2 21. Kxg2 {½-½ (75) Ding,L (2813)-Radjabov,T (2757) Wijk aan Zee 2019}) 6... Nbd7 {[%emt 0:00:14]} 7. c3 {[%emt 0:00:46]} Ne4 $146 {[%emt 0:00:53]} ({Predecessor:} 7... c5 8. Nbd2 cxd4 9. cxd4 b6 10. e4 dxe4 11. Nxe4 Nxe4 12. Rxe4 Bb7 13. Re2 Nf6 14. Be3 Nd5 15. Rc1 Qd6 16. a3 {½-½ (42) Safar,I (1728)-Kratzmajer,A (1374) Budapest 2015}) 8. Bf4 {[%emt 0:01:21]} c5 {[%emt 0:03:57]} 9. h4 {[%emt 0:00:15]} Qb6 {[%emt 0:01:16]} 10. Qb3 {[%emt 0:00:27]} c4 {[%emt 0:00:43]} 11. Qc2 {[%emt 0:00:29]} h6 {[%emt 0:06:28]} 12. Nbd2 {[%emt 0:00:54]} g5 {[%emt 0:06:48]} 13. hxg5 {[%emt 0:01:35]} hxg5 {[%emt 0:00:15]} 14. Nxe4 {[%emt 0:01:07]} gxf4 {[%emt 0:03:56]} 15. Neg5 {[%emt 0:00:07]} f5 {[%emt 0:00:33]} 16. gxf4 {[%emt 0:00:43]} Nf6 {[%emt 0:02:40]} 17. Ne5 {[%emt 0:00:29]} Kg7 {[%emt 0:03:11]} 18. f3 {[%emt 0:00:58]} Nh5 {[%emt 0:03:32]} 19. e3 {[%emt 0:01:01]} Qd8 {[%emt 0:01:11]} 20. Kf2 {[%emt 0:01:16]} Bxg5 {[%emt 0:05:20]} 21. fxg5 {[%emt 0:00:09]} Qxg5 {[%emt 0:00:24]} 22. Rh1 {[%emt 0:00:39]} Qg3+ {[%emt 0:11:02]} 23. Kf1 {[%emt 0:00:05]} Qg5 {[%emt 0:00:40]} 24. Rh3 {[%emt 0:00:12]} f4 {[%emt 0:31:58]} 25. e4 $2 {[%emt 0:02:21]} (25. exf4 $18 {and the rest is easy.} Qf5 26. Qf2) 25... Kf6 {[%emt 0:03:33]} 26. Kf2 {[%emt 0:02:01]} Rg8 {[%emt 0:02:44]} 27. Ng4+ {[%emt 0:07:08]} Ke7 {[%emt 0:00:11]} 28. e5 {[%emt 0:02:30]} (28. exd5 $18 Nf6 29. Qe2) 28... Rh8 $2 {[%emt 0:01:06]} (28... Ng3 $16) 29. Rah1 {[%emt 0:01:18]} Bd7 {[%emt 0:00:36]} 30. Nf6 {[%emt 0:00:25]} Be8 {[%emt 0:00:47]} 31. b3 {[%emt 0:02:41]} (31. Bf1 $142) 31... Bg6 {[%emt 0:03:09]} 32. Qb2 {[%emt 0:04:56]} Bf5 {[%emt 0:04:15]} 33. Rxh5 {[%emt 0:00:41]} Qg3+ {[%emt 0:00:09]} 34. Kg1 {[%emt 0:04:58]} Qe1+ {[%emt 0:01:01]} 35. Bf1 {[%emt 0:00:08]} Rag8+ {[%emt 0:00:19]} 36. Ng4 $1 {[%emt 0:00:03]} Rxh5 {[%emt 0:03:37]} 37. Rxh5 {[%emt 0:04:05]} Bxg4 {[%emt 0:00:12]} 38. Rh7+ {[%emt 0:00:31]} Ke8 {[%emt 0:00:17]} 39. Qg2 {[%emt 0:01:01]} Qe3+ {[%emt 0:00:31]} 40. Kh2 {[%emt 0:00:11]} Qxf3 {[%emt 0:00:39]} 41. Qxf3 {[%emt 0:30:15]} Bxf3 {[%emt 0:30:07]} 42. Rxb7 {[%emt 0:00:32]} Rg3 {[%emt 0:00:00]} 43. Rxa7 {[%emt 0:00:00]} cxb3 {[%emt 0:00:00]} 44. axb3 {[%emt 0:00:00]} Bd1 $11 {[%emt 0:00:00]} 45. c4 {[%emt 0:00:00]} Bxb3 {[%emt 0:00:00]} 46. c5 {[%emt 0:00:00]} Rc3 {[%emt 0:00:00]} 47. c6 {[%emt 0:00:00]} Bc4 {[%emt 0:00:00]} 48. Ra8+ {[%emt 0:00:00]} Ke7 {[%emt 0:00:00]} 49. c7 {[%emt 0:00:00]} Bxf1 {[%emt 0:00:00]} 50. c8=Q {[%emt 0:00:00]} Rxc8 {[%emt 0:00:00]} 51. Rxc8 {[%emt 0:00:00]} f3 {[%emt 0:00:00]} 52. Rc7+ {[%emt 0:00:00]} Ke8 {[%emt 0:01:22]} 53. Kg3 {[%emt 0:00:00]} Be2 {[%emt 0:01:00]} 54. Rh7 {[%emt 0:00:00]} Kf8 {[%emt 0:01:21]} 55. Rh6 {[%emt 0:00:00]} Ke7 {[%emt 0:00:46]} 56. Rf6 {[%emt 0:00:00]} Kd7 {[%emt 0:00:56]} 57. Kh4 {[%emt 0:00:00]} Bd1 {[%emt 0:01:00]} 58. Kg3 {[%emt 0:00:00]} Be2 {[%emt 0:00:32]} 59. Rxf3 {[%emt 0:00:00]} Bxf3 {[%emt 0:00:33]} 60. Kxf3 {[%emt 0:00:00]} Kc6 {[%emt 0:00:05]} 61. Kg4 {[%emt 0:00:00]} Kb5 {[%emt 0:00:13]} 62. Kg5 {[%emt 0:00:00]} Kc4 {[%emt 0:00:10]} 63. Kf6 {[%emt 0:00:00]} Kxd4 {[%emt 0:00:19]} 64. Kxe6 {[%emt 0:00:00]} Kc4 {[%emt 0:00:34]} 1/2-1/2

[Event "NED-ch U16 Youth 2019"]
[Site "Assen"]
[Date "2019.04.29"]
[Round "2.6"]
[White "Albertus, Bram"]
[Black "Albers, Sasa"]
[Result "1/2-1/2"]
[WhiteElo "1887"]
[BlackElo "1690"]
[Annotator "NA RC"]
[PlyCount "107"]
[EventDate "2019.04.28"]
[EventType "swiss"]
[EventCountry "NED"]
[SourceTitle "playchess.com"]
[Source "ChessBase"]
[SourceQuality "1"]
[TimeControl "40/5400+30:1800+30"]

1. c4 {[%emt 0:00:00]} Nf6 {[%emt 0:00:00]} 2. g3 {[%emt 0:00:05]} e6 {[%emt 0:00:00]} 3. Bg2 {[%emt 0:00:26]} d5 {[%emt 0:00:00]} 4. Nf3 {[%emt 0:00:44]} c6 {[%emt 0:00:37]} 5. d4 {[%emt 0:01:44]} Nbd7 {[%emt 0:01:39]} 6. O-O {[%emt 0:08:52]} Bd6 {[%emt 0:02:17]} 7. Bf4 {[%emt 0:06:36] E01: Catalan: Early deviations} (7. Nfd2 e5 8. cxd5 cxd5 9. dxe5 Nxe5 10. Nc3 Be6 11. Qa4+ Nc6 12. e4 d4 13. Nd5 O-O 14. Nb3 d3 {½-½ (26) Grischuk,A (2761)-Radjabov,T (2784) Moscow 2012}) 7... Bxf4 {[%emt 0:00:42]} 8. gxf4 {[%emt 0:00:24]} Nf8 $146 {[%emt 0:00:30]} ({Predecessor:} 8... dxc4 9. Nbd2 Nd5 10. e3 b5 11. Ne5 Nxe5 12. fxe5 {½-½ (39) Velten,P (2496)-Ollier,P (2362) Hourtin 2016}) 9. e3 {[%emt 0:00:48]} Ng6 {[%emt 0:00:17]} 10. Nbd2 {[%emt 0:00:45]} h5 {[%emt 0:01:43]} 11. Ne5 {[%emt 0:09:02]} Ne7 {[%emt 0:11:28]} 12. Ndf3 {[%emt 0:13:14]} Ne4 {[%emt 0:06:00]} 13. Qc2 {[%emt 0:14:35]} f6 {[%emt 0:02:22]} 14. Nd3 {[%emt 0:00:53]} O-O {[%emt 0:09:28]} 15. Kh1 {[%emt 0:01:46]} b6 {[%emt 0:01:42]} 16. b3 {[%emt 0:04:56]} Bd7 {[%emt 0:19:31]} 17. Rg1 {[%emt 0:00:43]} c5 {[%emt 0:04:08]} 18. dxc5 {[%emt 0:08:00]} bxc5 {[%emt 0:00:40]} 19. Nh4 {[%emt 0:02:08]} Rc8 {[%emt 0:08:00]} 20. cxd5 $16 {[%emt 0:14:36]} exd5 {[%emt 0:00:12]} 21. Bxe4 {[%emt 0:00:20]} dxe4 {[%emt 0:00:05]} 22. Nxc5 {[%emt 0:00:51]} Be8 {[%emt 0:11:21]} 23. Ne6 {[%emt 0:08:24]} Rxc2 {[%emt 0:00:11]} 24. Nxd8 {[%emt 0:00:05]} Bd7 {[%emt 0:01:51]} 25. Nb7 {[%emt 0:00:23]} Rxf2 {[%emt 0:03:46]} 26. Nc5 {[%emt 0:01:01]} Bg4 {[%emt 0:04:20]} 27. Nxe4 {[%emt 0:00:53]} Bf3+ {[%emt 0:00:02]} 28. Nxf3 {[%emt 0:00:17]} Rxf3 {[%emt 0:00:03]} 29. Rg3 {[%emt 0:00:48]} Rxg3 {[%emt 0:00:21]} 30. hxg3 {[%emt 0:00:45]} Nf5 {[%emt 0:00:13]} 31. Re1 {[%emt 0:00:50]} Re8 {[%emt 0:00:01]} 32. Nc3 {[%emt 0:00:30]} Nxg3+ {[%emt 0:01:32]} 33. Kg2 {[%emt 0:00:20]} Rc8 {[%emt 0:07:13]} 34. Kxg3 {[%emt 0:00:34]} Rxc3 {[%emt 0:00:02]} 35. Re2 {[%emt 0:00:21]} Kh7 {[%emt 0:03:24]} 36. Kf3 {[%emt 0:00:18]} g5 {[%emt 0:00:44]} 37. fxg5 {[%emt 0:00:32]} fxg5 {[%emt 0:00:01]} 38. Rd2 {[%emt 0:00:21]} Rc7 {[%emt 0:00:29]} 39. Rd6 {[%emt 0:00:26]} g4+ {[%emt 0:00:51]} 40. Kf4 {[%emt 0:01:00]} Rf7+ {[%emt 0:00:15]} 41. Kg3 {[%emt 0:09:12]} Rf3+ {[%emt 0:12:50]} 42. Kh4 {[%emt 0:04:03]} g3 {[%emt 0:06:19]} 43. Rd5 {[%emt 0:04:50]} Rxe3 {[%emt 0:06:34]} 44. Rxh5+ {[%emt 0:00:14]} Kg6 {[%emt 0:00:01]} 45. Rg5+ {[%emt 0:00:08]} Kf6 {[%emt 0:00:14]} 46. Rxg3 {[%emt 0:00:29]} Rxg3 {[%emt 0:00:02]} 47. Kxg3 {[%emt 0:00:01]} Ke5 {[%emt 0:00:02]} 48. Kf3 {[%emt 0:03:58]} Kd4 {[%emt 0:00:02]} 49. Ke2 {[%emt 0:01:30]} Kc3 {[%emt 0:00:02]} 50. Ke3 {[%emt 0:02:44]} a5 {[%emt 0:01:54]} 51. Ke4 {[%emt 0:00:57]} a4 {[%emt 0:00:12]} 52. bxa4 {[%emt 0:00:20]} Kb4 {[%emt 0:00:02]} 53. Kd3 {[%emt 0:00:11]} Kxa4 {[%emt 0:00:09]} 54. Ke4 {[%emt 0:00:15]} 1/2-1/2